Súčasný odhad stavu a parametrov vibračnej dynamiky v reálnom čase

Salvato in:
Dettagli Bibliografici
Autore principale: Otčenáš, Jakub (Autore)
Altri autori: Takács, Gergely (Relatore della tesi)
Natura: Manoscritto Libro
Lingua:slovacco
inglese
Pubblicazione: 2015
Soggetti:
Accesso online:http://is.stuba.sk/zp/portal_zp.pl?podrobnosti=112941
Tags: Aggiungi Tag
Nessun Tag, puoi essere il primo ad aggiungerne!!

MARC

LEADER 00000ntm a22000003a 4500
001 stuzp52727
003 SK-STU
005 20160719154248.2
007 ta
008 150427s2015----xo-----f-mn---000-0-slo-d
040 |a STU  |b slo 
041 0 |a eng 
100 1 |a Otčenáš, Jakub  |u 020020  |4 aut  |U SjF Strojnícka fakulta  |T SjF Ústav automatizácie, merania a aplikovanej informatiky  |X 44352  |U J0020  |Y 802  |7 A000044352 
242 0 1 |a Súčasný odhad stavu a parametrov vibračnej dynamiky v reálnom čase  |y slo 
245 1 0 |a Súčasný odhad stavu a parametrov vibračnej dynamiky v reálnom čase 
260 |c 2015 
650 4 |a MHO  |2 slo 
650 4 |a STM32F4  |2 slo 
650 4 |a odhad parametrov  |2 slo 
650 4 |a Simulink  |2 slo 
650 4 |a state observation  |2 eng 
650 4 |a parameter estimation  |2 eng 
650 4 |a MHO  |2 eng 
650 4 |a MHE  |2 eng 
650 4 |a STM32F4  |2 eng 
650 4 |a Simulink  |2 eng 
700 1 |a Takács, Gergely  |4 ths  |X 21811  |7 A000021811 
856 4 |u http://is.stuba.sk/zp/portal_zp.pl?podrobnosti=112941 
996 |b 284J043680  |c J* 1970/DP  |l JJSK  |s A  |a 24  |w stuzp52727_0001 
SQL |a stuzp52727  |b DDP  |c ENG  |d Súčasný odhad stavu a parametrov vibračnej dynamiky v reálnom čase  |e 44352  |f Otčenáš, Jakub  |g 020020  |h 21811  |i Takács, Gergely  |j 20150618  |k 51  |l 02  |m http://is.stuba.sk/zp/portal_zp.pl?podrobnosti=112941  |n I-AISP  |o 5.2.14. automatizácia